[Event "Titled Tue 10th Jun Early"]
[Site "chess.com INT"]
[Date "2025.06.10"]
[Round "4"]
[White "Nakonechnyi, Oleksii"]
[Black "De Sousa, Antonio Micaias Silva"]
[Result "1-0"]
[WhiteTitle "CM"]
[WhiteElo "2222"]
[BlackElo "2007"]
[WhiteFideId "34173714"]
[BlackFideId "22798528"]
[EventDate "2025.06.10"]

1. e4 c5 2. Nf3 e6 3. c3 Nf6 4. e5 Nd5 5. d4 cxd4 6. Nxd4 d6 7. exd6 Bxd6 8. Be2
O-O 9. O-O a6 10. Bf3 Nf6 11. Bg5 Be7 12. Qc2 Qc7 13. Nd2 h6 14. Bh4 Bd7 15.
Rfe1 Nc6 16. Nxc6 Bxc6 17. Rad1 Bxf3 18. Nxf3 Rfd8 19. Qe2 b5 20. Nd4 Qb6 21.
Bg3 Rd5 22. Nf3 Rad8 23. Rxd5 Rxd5 24. Rd1 Qd8 25. Rxd5 Qxd5 26. a3 Ne4 27. Be5
Bc5 28. Bd4 Bxd4 29. Nxd4 Nf6 30. h3 e5 31. Nf5 Qe6 32. Qf3 Kh7 33. Ne3 Kg8 34.
Qa8+ Kh7 35. Qb7 g6 36. Qf3 Kg7 37. Qd1 h5 38. Qd3 Qc6 39. b3 Qc5 40. b4 Qc6 41.
c4 bxc4 42. Nxc4 e4 43. Qd4 Kh7 44. Ne3 Qe6 45. g3 Nd7 46. Kg2 Nb6 47. Qc5 Nd7
48. Qc7 Ne5 49. Qc5 Nf3 50. Qc4 Qd7 51. Qd5 Qe7 52. a4 Qxb4 53. Qxf7+ Kh6 54.
Qf6 Kh7 55. Qf7+ Kh6 56. Qe6 Kh7 57. h4 1-0

[Event "Titled Tue 10th Jun Early"]
[Site "chess.com INT"]
[Date "2025.06.10"]
[Round "4"]
[White "Otdelnov, Kirill"]
[Black "Yeganegi, Barad"]
[Result "1-0"]
[WhiteTitle "FM"]
[BlackTitle "FM"]
[WhiteElo "2273"]
[BlackElo "2400"]
[WhiteFideId "24280216"]
[BlackFideId "42516340"]
[EventDate "2025.06.10"]

1. d4 c6 2. c4 d6 3. Nf3 Nd7 4. Nc3 Ngf6 5. e4 e5 6. Be2 g6 7. O-O Bg7 8. Re1
O-O 9. h3 Re8 10. Bf1 exd4 11. Nxd4 Nc5 12. Qc2 h6 13. Nb3 Nxb3 14. axb3 d5 15.
cxd5 cxd5 16. e5 Bf5 17. Bd3 Bxd3 18. Qxd3 Nd7 19. e6 Rxe6 20. Rxe6 Nc5 21. Qxd5
Qxd5 22. Nxd5 Nxe6 23. Be3 a6 24. Rd1 g5 25. Ne7+ Kf8 26. Rd7 Rb8 27. Nf5 Bxb2
28. Nxh6 f6 29. Ba7 Rd8 30. Rxb7 Rd1+ 31. Kh2 Be5+ 32. g3 Nd4 33. Ng4 Nf3+ 34.
Kg2 Ne1+ 35. Kf1 Rb1 36. Ke2 Nc2 37. Nxe5 fxe5 38. Kd3 Ne1+ 39. Ke4 a5 40. Kxe5
Nd3+ 41. Kf6 Ke8 42. Kxg5 Nb4 43. Bc5 Nd3 44. Rb5 a4 45. bxa4 Rxb5 46. axb5 Nxc5
47. h4 Ne4+ 48. Kg6 Nxf2 49. h5 Kf8 50. b6 Nd3 51. b7 Ne5+ 52. Kf6 Nd7+ 53. Kf5
Kg7 54. g4 Kh6 55. Kf4 Nb8 56. Ke5 Kg5 57. Kd6 Na6 58. Ke7 Nb8 59. Kf7 Kh6 60.
Kf6 Nd7+ 61. Ke7 Nb8 62. Kd6 Na6 63. Kc6 Kg5 64. Kb6 Nb8 65. Ka7 Nc6+ 66. Ka8
Kxg4 67. h6 1-0

[Event "Titled Tue 10th Jun Early"]
[Site "chess.com INT"]
[Date "2025.06.10"]
[Round "4"]
[White "Novikova, Marharyta"]
[Black "Diaz Vasquez, Martin"]
[Result "1-0"]
[WhiteTitle "WCM"]
[BlackTitle "CM"]
[WhiteElo "1974"]
[BlackElo "2266"]
[WhiteFideId "14109689"]
[BlackFideId "3410579"]
[EventDate "2025.06.10"]

1. e4 d5 2. exd5 Qxd5 3. Nc3 Qd6 4. Nf3 Nf6 5. Bc4 a6 6. a4 e6 7. O-O b6 8. d3
Bb7 9. b3 Be7 10. Ba3 Qd8 11. Bxe7 Qxe7 12. Qe2 O-O 13. Rad1 c5 14. d4 cxd4 15.
Rxd4 Nc6 16. Rd2 Rfd8 17. Rfd1 h6 18. Qe3 Qb4 19. Na2 Qa5 20. Qc3 Qh5 21. h3 a5
22. Bb5 Nd5 23. Qc4 Ne5 24. Nxe5 Qxe5 25. Qe2 Qg5 26. Qg4 Qf6 27. Nc1 Rdc8 28.
Bc4 Nf4 29. Bf1 h5 30. Qg3 Rc7 31. Nd3 e5 32. Qe3 Re7 33. Nxf4 exf4 34. Rd8+
Rxd8 35. Rxd8+ Kh7 36. Bd3+ g6 37. Qd4 Qxd4 38. Rxd4 f3 39. gxf3 Bxf3 40. Kh2
Bc6 41. h4 Rc7 42. Rd6 Kg7 43. f4 Kf8 44. f5 Ke7 45. Rd4 gxf5 46. Bxf5 Bb7 47.
Bd3 Kf6 48. Rf4+ Kg7 49. Rf5 Kh6 50. Rf6+ Kg7 51. Rxb6 Re7 52. Rb5 Bc8 53. Rxa5
Bg4 54. Rg5+ Kf6 55. a5 Re3 56. a6 Rh3+ 57. Kg2 Rxh4 58. Rc5 Bd7 59. a7 Rg4+ 60.
Kf2 Rg8 61. Be4 1-0

[Event "Titled Tue 10th Jun Early"]
[Site "chess.com INT"]
[Date "2025.06.10"]
[Round "4"]
[White "Ersoz, Teoman Guney"]
[Black "Rustamov, Rustam"]
[Result "0-1"]
[WhiteTitle "CM"]
[BlackTitle "FM"]
[WhiteElo "2052"]
[BlackElo "2334"]
[WhiteFideId "44537050"]
[BlackFideId "13440110"]
[EventDate "2025.06.10"]

1. d4 Nf6 2. Nc3 d5 3. Bg5 e6 4. e4 Be7 5. e5 Nfd7 6. Bxe7 Qxe7 7. f4 a6 8. Nf3
c5 9. Qd2 Nc6 10. dxc5 Nxc5 11. O-O-O O-O 12. Bd3 b5 13. Qf2 Nxd3+ 14. Rxd3 Bb7
15. h4 Rac8 16. h5 Nb4 17. Rd4 Nc6 18. Rdd1 b4 19. Ne2 f6 20. Qe3 fxe5 21. fxe5
Na5 22. h6 Nc4 23. Qd3 g6 24. Ned4 a5 25. Nb5 Ba6 26. Nd6 Nxd6 27. exd6 Qxd6 28.
Qd4 Qf4+ 29. Qxf4 Rxf4 30. Rhe1 Rf6 31. Re5 Bb5 32. Rde1 Bd7 33. Kd2 Rcf8 34.
Ng5 Rf2+ 35. R1e2 Rxe2+ 36. Kxe2 Rf5 37. Rxf5 gxf5 38. Nf3 Kf7 39. Ke3 Kf6 40.
Kd4 Bb5 41. Ne5 Be8 42. Nd3 Bf7 43. Ne5 Bh5 44. Nd3 Be8 45. Ne5 Kg5 46. Nf3+
Kxh6 47. Ke5 Bf7 48. Nd4 Kg5 49. c3 bxc3 50. bxc3 h5 51. Nxe6+ Bxe6 52. Kxe6 f4
53. Kxd5 h4 54. c4 f3 55. gxf3 h3 56. c5 h2 57. c6 h1=Q 58. c7 Qxf3+ 59. Kd6 Qf5
60. Ke7 Qc8 61. Kd6 Kf6 62. a4 Kf7 63. Kc6 Ke7 64. Kb6 Kd6 65. Kxa5 Kxc7 66. Kb5
Qf5+ 0-1

[Event "Titled Tue 10th Jun Early"]
[Site "chess.com INT"]
[Date "2025.06.10"]
[Round "4"]
[White "Kozak, Antoni"]
[Black "El Zein, Zayne-Eddine"]
[Result "0-1"]
[BlackTitle "CM"]
[WhiteElo "2426"]
[BlackElo "2194"]
[WhiteFideId "21832030"]
[BlackFideId "5313210"]
[EventDate "2025.06.10"]

1. d4 d6 2. c4 e5 3. g3 Nf6 4. Bg2 Be7 5. Nf3 exd4 6. Nxd4 O-O 7. O-O c6 8. Nc3
Nbd7 9. Nf5 Ne5 10. Nxe7+ Qxe7 11. b3 Bf5 12. Ba3 Rfd8 13. e4 Bg4 14. f3 Bc8 15.
f4 Neg4 16. e5 Ne8 17. Re1 Qc7 18. exd6 Qa5 19. Na4 Nef6 20. h3 Nh6 21. g4 Bxg4
22. hxg4 Nhxg4 23. Qd3 Rab8 24. c5 b5 25. cxb6 axb6 26. Bb2 b5 27. Nc5 b4 28.
Qd4 Rb5 29. Rac1 Nh6 30. Bxc6 Rb6 31. Bg2 Nf5 32. Qe5 Nxd6 33. Na4 Rb5 34. Rc5
Qa7 35. Bd4 Rxc5 36. Bxc5 Qd7 37. Rd1 Nfe8 38. Bxd6 Nxd6 39. Nc5 Qc7 40. Nb7
Qb6+ 41. Qd4 Qxd4+ 42. Rxd4 Nxb7 43. Rxb4 Nd6 44. a4 Nf5 45. a5 h5 46. a6 Rd1+
47. Kf2 Ra1 48. Rb8+ Kh7 49. Be4 g6 50. Bd3 Ra2+ 51. Kf3 Nd4+ 52. Ke4 Nc6 53.
Rb6 Ne7 54. Rb7 Nf5 55. Rxf7+ Kh6 56. Rb7 h4 57. Kf3 Nd4+ 58. Kg4 Rh2 59. Rb6
Rg2+ 60. Kh3 Rg3+ 61. Kxh4 Rxd3 62. Kg4 Nf5 63. a7 Rg3# 0-1

[Event "Titled Tue 10th Jun Early"]
[Site "chess.com INT"]
[Date "2025.06.10"]
[Round "4"]
[White "Molina, Roberto Junio Brito"]
[Black "Bortnyk, Olexandr"]
[Result "1/2-1/2"]
[WhiteTitle "IM"]
[BlackTitle "GM"]
[WhiteElo "2381"]
[BlackElo "2601"]
[WhiteFideId "2109450"]
[BlackFideId "14120828"]
[EventDate "2025.06.10"]

1. d4 d6 2. e4 Nf6 3. Nc3 Nbd7 4. Nf3 e5 5. Bc4 Be7 6. O-O O-O 7. Re1 a6 8. a4
b6 9. d5 h6 10. Nd2 Nh7 11. Nf1 Bg5 12. Be3 Bxe3 13. Nxe3 Qg5 14. Qg4 Qxg4 15.
Nxg4 h5 16. Ne3 g6 17. Bd3 Nc5 18. b4 Nxd3 19. cxd3 f5 20. f3 f4 21. Nf1 g5 22.
Rac1 Bd7 23. Re2 g4 24. Rec2 gxf3 25. gxf3 Ng5 26. Rg2 Bg4 27. fxg4 f3 28. Rgc2
Nh3+ 29. Kh1 hxg4 30. Nd1 Nf4 31. Rxc7 Nxd3 32. R1c6 Rf6 33. Rd7 g3 34. Nxg3 f2
35. Kg2 f1=Q+ 36. Nxf1 Ne1+ 37. Kg1 Nf3+ 38. Kg2 Ne1+ 39. Kg1 Nf3+ 40. Kh1 Nd4
41. Ng3 Nxc6 42. dxc6 Rc8 43. b5 axb5 44. axb5 Rf7 45. Rxd6 Ra8 46. Ne3 Rf2 47.
c7 Ra1+ 48. Nef1 Rc1 49. Rd8+ Rf8 50. Rxf8+ Kxf8 51. Kg2 Rxc7 52. Nf5 Rc5 53.
Kf3 Rxb5 54. N1e3 Rb3 55. h4 b5 56. Ke2 b4 57. Kd2 Rc3 58. Nd5 Rc4 59. Kd3 Rc1
60. Nxb4 Kf7 61. Nd5 Kg6 62. Nde3 Kh5 63. Ke2 Ra1 64. Kf3 Ra2 65. Kg3 Ra3 66.
Kf3 Ra4 67. Nd5 Ra3+ 68. Nde3 Rb3 69. Kf2 Rb4 70. Kf3 Ra4 71. Nd5 Ra3+ 72. Nde3 1/2-1/2

[Event "Titled Tue 10th Jun Early"]
[Site "chess.com INT"]
[Date "2025.06.10"]
[Round "4"]
[White "Marichal Gonzalez, Ariel"]
[Black "Moosavifar, Seyed Abolfazl"]
[Result "0-1"]
[WhiteTitle "IM"]
[BlackTitle "FM"]
[WhiteElo "2268"]
[BlackElo "2303"]
[WhiteFideId "3503232"]
[BlackFideId "42548195"]
[EventDate "2025.06.10"]

1. d4 d5 2. c4 e6 3. Nf3 Nf6 4. Nc3 dxc4 5. e4 Bb4 6. Bxc4 Nxe4 7. O-O Nxc3 8.
bxc3 Be7 9. Ne5 O-O 10. Qg4 Bf6 11. Ba3 Be7 12. Bc1 Nc6 13. Rd1 Bf6 14. Bf4 Ne7
15. Rd3 Ng6 16. Nxg6 hxg6 17. Be5 Bd7 18. Rad1 Qe7 19. Bb3 Bxe5 20. dxe5 Bc6 21.
h4 Rad8 22. h5 g5 23. Rg3 Rxd1+ 24. Bxd1 Rd8 25. Bb3 Bd5 26. c4 Bc6 27. Kh2 Rd2
28. f3 Re2 29. f4 Re4 30. Qxg5 Qxg5 31. fxg5 Rxe5 32. g6 Rxh5+ 33. Kg1 fxg6 34.
Rxg6 Kf7 35. Rg3 Rf5 36. c5 Rxc5 37. Rh3 Rg5 38. g3 Bd5 39. Kf2 Bxb3 40. axb3
Rb5 41. g4 Rb4 42. Kg2 Rxg4+ 43. Kf2 Rd4 44. Rc3 c6 45. Re3 Rd5 46. Rc3 Kf6 47.
Kf3 Rf5+ 48. Ke4 e5 49. Rc5 Rf4+ 50. Ke3 g5 51. Ra5 Rb4 52. Ra3 Kf5 53. Kf3 g4+
54. Kg3 a6 55. Kh4 Kf4 56. Ra1 Rxb3 57. Ra4+ Kf5 58. Rxg4 Rf3 59. Rg8 Rb3 0-1

[Event "Titled Tue 10th Jun Early"]
[Site "chess.com INT"]
[Date "2025.06.10"]
[Round "4"]
[White "Sakhayi, Mostafa"]
[Black "Zepeda Berlanga, Jan Enrique"]
[Result "0-1"]
[WhiteTitle "CM"]
[BlackTitle "CM"]
[WhiteElo "2166"]
[BlackElo "1984"]
[WhiteFideId "12512532"]
[BlackFideId "5132355"]
[EventDate "2025.06.10"]

1. d4 Nf6 2. c4 g6 3. Nc3 d5 4. cxd5 Nxd5 5. e4 Nxc3 6. bxc3 Bg7 7. Nf3 c5 8.
Be3 Qa5 9. Qd2 O-O 10. Rc1 Nc6 11. d5 Nb8 12. c4 Qxd2+ 13. Nxd2 b6 14. Be2 e6
15. f4 exd5 16. cxd5 Ba6 17. Bxa6 Nxa6 18. Ke2 Rad8 19. Rhd1 Nb4 20. a3 Na2 21.
Nc4 Nxc1+ 22. Bxc1 Bd4 23. Be3 Rfe8 24. Kf3 f5 25. Bxd4 fxe4+ 26. Ke3 cxd4+ 27.
Rxd4 Kg7 28. Nd2 Rc8 29. Rc4 Kf7 30. d6 Ke6 31. Rxe4+ Kxd6 32. Kd4 Rxe4+ 33.
Nxe4+ Ke6 34. Ng5+ Ke7 35. Nxh7 Rh8 36. Ng5 Rxh2 37. g4 Ra2 38. Nf3 Rxa3 39. Ne5
Ra1 40. Nxg6+ Kf6 41. Ne5 a5 42. Ke4 a4 43. g5+ Kg7 44. f5 a3 45. f6+ Kf8 46. g6
Re1+ 47. Kf5 Rxe5+ 48. Kxe5 a2 49. Ke6 a1=Q 50. g7+ Kg8 51. Ke7 Qe1+ 52. Kd7 Kf7
53. g8=Q+ Kxg8 54. f7+ Kxf7 55. Kc6 b5 56. Kxb5 Qc3 57. Kb6 Ke6 58. Kb5 Kd6 59.
Kb6 Qb3+ 0-1

[Event "Titled Tue 10th Jun Early"]
[Site "chess.com INT"]
[Date "2025.06.10"]
[Round "4"]
[White "Shevchenko, Yaroslav"]
[Black "Sailer, Mike"]
[Result "0-1"]
[WhiteElo "2179"]
[BlackElo "2108"]
[WhiteFideId "34144684"]
[BlackFideId "2012901"]
[EventDate "2025.06.10"]

1. e4 d5 2. exd5 Qxd5 3. Nc3 Qd6 4. Nf3 c6 5. Bc4 Nf6 6. O-O Bg4 7. Re1 e6 8. h3
Bh5 9. b3 Nbd7 10. Bb2 Be7 11. a4 Qc7 12. a5 O-O 13. Qe2 Rfe8 14. d4 Qf4 15. Bc1
Bxf3 16. Bxf4 Bxe2 17. Nxe2 Nd5 18. Bd2 N7f6 19. Ng3 Bd6 20. Ne4 Bf4 21. Nxf6+
gxf6 22. Bxf4 Nxf4 23. Re4 Nd5 24. Rg4+ Kf8 25. Rh4 Kg7 26. Bd3 f5 27. g4 Nf4
28. gxf5 Nxd3 29. cxd3 exf5 30. Kf1 Re6 31. Rc1 Rae8 32. Rc5 Re1+ 33. Kg2 Rb1
34. Rxf5 Rxb3 35. Rhf4 Re7 36. Rg5+ Kf8 37. Rf3 Rd7 38. Rgf5 Rb4 39. Rh5 Rbxd4
40. Rxh7 R4d5 41. h4 Rxa5 42. h5 Rg5+ 43. Kf1 b5 44. Rh6 Rb7 45. Rh3 b4 46. Rxc6
b3 47. Rc1 b2 48. Rb1 a5 49. h6 Kg8 50. Rh4 Rc5 51. h7+ Kh8 52. Ke2 a4 53. Rxa4
Rc1 54. Rxb2 Rxb2+ 55. Ke3 Kxh7 56. Rh4+ Kg7 57. Rg4+ Kf8 58. Rf4 Rcc2 59. f3
Re2+ 60. Kd4 Rb4+ 0-1

[Event "Titled Tue 10th Jun Early"]
[Site "chess.com INT"]
[Date "2025.06.10"]
[Round "4"]
[White "Sahetchian, Armand"]
[Black "Nguyen Thi Mai Hung"]
[Result "0-1"]
[WhiteTitle "CM"]
[BlackTitle "WGM"]
[WhiteElo "2024"]
[BlackElo "2191"]
[WhiteFideId "607150"]
[BlackFideId "12401676"]
[EventDate "2025.06.10"]

1. e4 e6 2. d4 d5 3. Nd2 c5 4. exd5 exd5 5. Ngf3 Nf6 6. dxc5 Bxc5 7. Nb3 Bb6 8.
Bb5+ Nc6 9. O-O O-O 10. h3 a6 11. Bd3 Qd6 12. c3 Bc7 13. Bg5 Ne4 14. Bh4 Bf5 15.
Nbd4 Bg6 16. Bxe4 dxe4 17. Bg3 Qd7 18. Nxc6 Qxc6 19. Nd4 Qb6 20. Qb3 Qxb3 21.
axb3 Bxg3 22. fxg3 Rfe8 23. g4 Rad8 24. Rfe1 e3 25. Rad1 h5 26. Re2 hxg4 27.
hxg4 Re4 28. Rde1 Rde8 29. b4 Kf8 30. Kh2 f6 31. Kg3 Bf7 32. Kh2 Bc4 33. Rc2 Bd3
34. Rcc1 Rxg4 35. Rcd1 Bc4 36. b3 Bd5 37. Re2 Re5 38. Rde1 Rh5+ 39. Kg1 Rhg5 40.
Rf1 Rxg2+ 41. Rxg2 Rxg2+ 42. Kh1 Rc2+ 43. Kg1 Rxc3 44. Re1 Rd3 45. Nf5 Bxb3 46.
Rxe3 Rxe3 47. Nxe3 Kf7 48. Kf2 g5 49. Ng4 Kg6 50. Nh2 f5 51. Nf3 g4 52. Nd4 Bd5
53. Kg3 Kg5 54. Nc2 f4+ 55. Kf2 g3+ 56. Kg1 Kg4 57. Nd4 f3 58. b5 f2+ 59. Kf1
Bc4+ 0-1

[Event "Titled Tue 10th Jun Early"]
[Site "chess.com INT"]
[Date "2025.06.10"]
[Round "4"]
[White "Silvestre, Christian"]
[Black "Karpenko, Anton"]
[Result "0-1"]
[BlackTitle "CM"]
[WhiteElo "1992"]
[BlackElo "2219"]
[WhiteFideId "30956269"]
[BlackFideId "34374353"]
[EventDate "2025.06.10"]

1. d4 Nf6 2. Nc3 d5 3. Bg5 g6 4. Bxf6 exf6 5. e4 dxe4 6. Nxe4 f5 7. Nc3 Bg7 8.
Nf3 O-O 9. Be2 Nc6 10. d5 Ne5 11. O-O b6 12. Qd2 Bb7 13. Rad1 Nxf3+ 14. Bxf3 Qd6
15. Nb5 Qc5 16. Nd4 Bxd5 17. Nb3 Bxb3 18. axb3 Rab8 19. c3 a5 20. Qd7 Bf6 21.
Rd5 Qe7 22. Qc6 Rfd8 23. g3 Kg7 24. Rfd1 Rxd5 25. Rxd5 Rd8 26. Kg2 Rxd5 27. Bxd5
h5 28. h4 f4 29. Bf3 fxg3 30. fxg3 Be5 31. Qe4 Qd6 32. Qe1 Qf6 33. Qe4 Qd6 34.
Qe1 b5 35. Qf2 b4 36. cxb4 axb4 37. g4 hxg4 38. Bxg4 Qd5+ 39. Qf3 Qd2+ 40. Qf2
Qd5+ 41. Qf3 Qd4 42. h5 Qxb2+ 43. Kf1 Qc1+ 44. Kg2 Qc2+ 45. Kf1 Qc1+ 46. Kg2 Bd4
47. hxg6 Qg1+ 48. Kh3 fxg6 49. Be6 Bf6 50. Bd5 Qg5 51. Qe4 Be5 52. Qf3 Bf4 53.
Qg4 Qxd5 54. Qxf4 Qf5+ 55. Qxf5 gxf5 56. Kg3 Kf6 57. Kf4 c6 0-1

[Event "Titled Tue 10th Jun Early"]
[Site "chess.com INT"]
[Date "2025.06.10"]
[Round "4"]
[White "Moghaddamian, Afshin"]
[Black "Mikhailova, Irina"]
[Result "0-1"]
[WhiteTitle "CM"]
[BlackTitle "WGM"]
[WhiteElo "2126"]
[BlackElo "2143"]
[WhiteFideId "12503886"]
[BlackFideId "4109040"]
[EventDate "2025.06.10"]

1. Nf3 Nf6 2. g3 g6 3. Bg2 Bg7 4. O-O O-O 5. c4 c6 6. b3 d5 7. Bb2 b6 8. Qc2 Bb7
9. d3 c5 10. cxd5 Bxd5 11. e4 Bb7 12. Na3 Nc6 13. Rad1 Rc8 14. Nc4 Qc7 15. Rfe1
Rfd8 16. e5 Nd5 17. e6 f6 18. h4 b5 19. Na3 Ndb4 20. Qb1 a6 21. h5 Nd4 22. Bxd4
cxd4 23. Nh4 g5 24. Nf5 Bxg2 25. Kxg2 Bf8 26. f3 Nc2 27. Nxc2 Qxc2+ 28. Qxc2
Rxc2+ 29. Kh3 a5 30. Rc1 Rdc8 31. Rxc2 Rxc2 32. Nxd4 Rxa2 33. Nxb5 a4 34. bxa4
Rxa4 35. Rc1 Ra5 36. Rc5 Ra6 37. Nc7 Rd6 38. Rc3 f5 39. g4 Bg7 40. Ra3 Be5 41.
gxf5 Rd4 42. Ra8+ Kg7 43. Ne8+ Kh6 44. f6 exf6 45. e7 Kxh5 46. Ng7+ Kg6 47.
e8=Q+ Kxg7 48. Ra7+ Kh6 49. Qf8+ Kg6 50. Qg8+ Kf5 51. Qxh7+ Kf4 52. Qh5 Ke3 53.
Qg6 Rh4+ 54. Kg2 Rh2+ 55. Kg1 Kxf3 56. Qe4+ Kg3 57. Qxe5+ fxe5 58. Rg7 Rh5 59.
Re7 Kf4 60. Kf2 Rh2+ 61. Ke1 Ra2 62. Kd1 Rb2 63. Kc1 Rh2 64. Kd1 g4 65. Rf7+ Ke3
66. Re7 Kxd3 67. Rxe5 Rh1+ 68. Re1 Rxe1+ 69. Kxe1 Ke3 70. Kf1 Kf3 71. Kg1 Kg3
72. Kh1 Kf2 0-1

[Event "Titled Tue 10th Jun Early"]
[Site "chess.com INT"]
[Date "2025.06.10"]
[Round "4"]
[White "Navoyan, Gagik"]
[Black "Dominguez, Ramiro"]
[Result "1-0"]
[WhiteTitle "CM"]
[BlackTitle "FM"]
[WhiteElo "2186"]
[BlackElo "2210"]
[WhiteFideId "13314866"]
[BlackFideId "4420055"]
[EventDate "2025.06.10"]

1. e4 e5 2. Nf3 Nc6 3. Bb5 a6 4. Ba4 Nf6 5. O-O Be7 6. Bxc6 dxc6 7. d3 Bg4 8.
Nbd2 Nd7 9. h3 Bh5 10. Nc4 f6 11. a4 c5 12. Ne3 O-O 13. Nf5 Kh8 14. g4 Bf7 15.
Be3 a5 16. Qd2 b6 17. Kh2 Be6 18. Rg1 Nb8 19. N3h4 Nc6 20. Bh6 gxh6 21. Ng6+ Kg8
22. Qxh6 Rf7 23. g5 Bxf5 24. Nxe7+ Nxe7 25. exf5 Nxf5 26. Qh5 Rg7 27. h4 Nd4 28.
gxf6 Qxf6 29. Rxg7+ Kxg7 30. Rg1+ Kh8 31. Rg2 Rf8 32. Qg4 Qg6 33. Qd7 Qf7 34.
Qg4 Nf3+ 35. Kh3 Qf5 36. Qxf5 Rxf5 37. Kg4 Rf4+ 38. Kh5 Rf5+ 39. Kg4 Rf8 40. Rg3
Nd4 41. c3 Rg8+ 42. Kh5 Rxg3 43. fxg3 Nc2 44. Kg5 Kg7 45. Kf5 Ne1 46. Ke4 Kf6
47. g4 Ke6 48. g5 c6 49. h5 Ng2 50. Kf3 Nf4 51. Kg4 Nxd3 52. h6 Nxb2 53. g6 hxg6
54. h7 Kd5 55. h8=Q Kc4 56. Qb8 Nxa4 57. Qxe5 Nxc3 58. Kf3 b5 59. Ke3 b4 60. Kd2
Kb3 61. Qe6+ c4 62. Qxg6 Ka3 63. Qc2 a4 64. Kc1 Na2+ 65. Kb1 b3 66. Qxc4 Nb4 67.
Qc5 1-0

[Event "Titled Tue 10th Jun Early"]
[Site "chess.com INT"]
[Date "2025.06.10"]
[Round "4"]
[White "Reshetnikov, Alexey"]
[Black "Alizadeh, Mohammad Mahdi"]
[Result "1/2-1/2"]
[WhiteTitle "IM"]
[BlackTitle "CM"]
[WhiteElo "2492"]
[BlackElo "2039"]
[WhiteFideId "4162080"]
[BlackFideId "22598820"]
[EventDate "2025.06.10"]

1. d4 Nf6 2. c4 e6 3. Nf3 Bb4+ 4. Bd2 Qe7 5. g3 Nc6 6. Bg2 Bxd2+ 7. Nbxd2 O-O 8.
O-O d6 9. Rc1 e5 10. d5 Nb8 11. Ne1 a5 12. e4 Na6 13. Nd3 Bg4 14. f3 Bd7 15. b3
c6 16. a3 cxd5 17. exd5 Bf5 18. Ne4 Bxe4 19. fxe4 Qc7 20. Kh1 Nc5 21. Nf2 Qb6
22. Rb1 a4 23. b4 Nb3 24. Nd3 Qd4 25. c5 Nxe4 26. c6 Ned2 27. Qc2 Nxb1 28. Rxb1
Qb6 29. Nb2 Nd4 30. Qc3 bxc6 31. dxc6 Rfc8 32. Nc4 Qd8 33. b5 Rab8 34. b6 Nxc6
35. b7 Rc7 36. Qd3 Nd4 37. Na5 Rc5 38. Nc4 Qc7 39. Rb4 g6 40. h3 Kg7 41. Rxa4 f6
42. Rb4 d5 43. Ne3 Rxb7 44. Nxd5 Qf7 45. Rxb7 Qxb7 46. Nxf6 Qf7 47. Ne4 Rc1+ 48.
Kh2 Qe7 49. Qe3 Rc7 50. Nc3 Nf5 51. Qe1 Nd6 52. Nd5 Qd7 53. Qxe5+ Kh6 54. Qf4+
Kg7 55. Qd4+ Kh6 56. Qd2+ Kg7 57. Qb2+ Kh6 58. Nxc7 Qxc7 59. Qd2+ Kg7 60. a4 Nf5
61. Qb2+ Kh6 62. Qd2+ Kg7 63. Qf4 Qa5 64. g4 Ne7 65. Qd4+ Kf7 66. Be4 Ke6 67.
Kg3 Qe1+ 68. Kg2 Qe2+ 69. Kg3 Qe1+ 70. Kf3 Qf1+ 71. Kg3 Qe1+ 1/2-1/2

[Event "Titled Tue 10th Jun Early"]
[Site "chess.com INT"]
[Date "2025.06.10"]
[Round "4"]
[White "Bharath, Subramaniyam H"]
[Black "Khumalo, Keith"]
[Result "1/2-1/2"]
[WhiteTitle "GM"]
[BlackTitle "CM"]
[WhiteElo "2558"]
[BlackElo "2171"]
[WhiteFideId "46634827"]
[BlackFideId "14319470"]
[EventDate "2025.06.10"]

1. c4 Nf6 2. d4 e6 3. Nf3 c5 4. d5 exd5 5. cxd5 d6 6. Nc3 g6 7. Nd2 Bg7 8. Nc4
O-O 9. e4 Qe7 10. f3 Nh5 11. Be3 f5 12. Qc2 Nd7 13. Bd3 Ne5 14. Nxe5 Bxe5 15.
O-O-O Nf4 16. Bxf4 Bxf4+ 17. Kb1 Be5 18. g3 f4 19. Ne2 fxg3 20. f4 g2 21. Rhg1
Bxf4 22. e5 Bxe5 23. Rxg2 Kh8 24. h4 Bh3 25. Rgg1 Rf3 26. Nc1 Qxh4 27. Qb3 c4
28. Qxb7 Raf8 29. Bc2 Bf5 30. Rg2 Bxc2+ 31. Rxc2 c3 32. b3 Rf1 33. Rxf1 Rxf1 34.
Qb8+ Kg7 35. Qxa7+ Rf7 36. Qe3 h5 37. a4 Qb4 38. Ka2 Ra7 39. Nd3 Qd4 40. Qxd4
Bxd4 41. Nf4 Kh6 42. Ne2 Be5 43. Ka3 h4 44. Ng1 g5 45. Nf3 Bf6 46. b4 g4 47.
Nxh4 Bxh4 48. Rxc3 g3 49. Rc2 Kh5 50. a5 Bd8 51. Ka4 Kg4 52. Kb5 Kh3 53. Re2 g2
54. Re1 Kh2 55. Kc6 Bc7 56. Re2 Kh1 57. Rxg2 Kxg2 58. a6 Rxa6+ 59. Kxc7 Ra4 60.
b5 Rb4 61. b6 Kf3 62. Kxd6 Rxb6+ 63. Kc7 Rb1 64. d6 Rc1+ 65. Kb7 Rd1 66. Kc7
Rc1+ 67. Kb7 Ke4 68. d7 Rb1+ 69. Kc7 Rc1+ 70. Kd6 Rd1+ 71. Ke7 Ke5 72. d8=Q Rxd8
73. Kxd8 1/2-1/2

[Event "Titled Tue 10th Jun Early"]
[Site "chess.com INT"]
[Date "2025.06.10"]
[Round "4"]
[White "Martinez Martin, David 1981"]
[Black "Rosen, Eric"]
[Result "0-1"]
[WhiteTitle "IM"]
[BlackTitle "IM"]
[WhiteElo "2369"]
[BlackElo "2377"]
[WhiteFideId "2209748"]
[BlackFideId "2032562"]
[EventDate "2025.06.10"]

1. d4 d5 2. Nf3 Nf6 3. c4 e6 4. Nc3 Nbd7 5. e3 a6 6. b3 b6 7. Bb2 Bb7 8. Bd3 Bd6
9. Qc2 dxc4 10. bxc4 c5 11. O-O-O cxd4 12. exd4 Qe7 13. Kb1 Ba3 14. Rhe1 Bxb2
15. Qxb2 O-O 16. Ne4 Nxe4 17. Bxe4 Bxe4+ 18. Rxe4 Nf6 19. Re3 Rac8 20. Ne5 Nd7
21. Rc1 Nxe5 22. Rxe5 Qd6 23. g3 Rfd8 24. d5 b5 25. cxb5 Rxc1+ 26. Kxc1 axb5 27.
Re2 Qxd5 28. Qd2 Qc5+ 29. Qc2 Qa3+ 30. Kb1 g6 31. Re3 Qb4+ 32. Qb3 Qc5 33. Qc2
Qd5 34. Kb2 h5 35. Rc3 Qd4 36. Kb3 Qa4+ 37. Kb2 Qd4 38. Kb3 Qd5+ 39. Kb2 b4 40.
Rc8 Kh7 41. Rxd8 Qxd8 42. Qc4 Qd2+ 43. Qc2 Qd4+ 44. Kb3 h4 45. Qc4 Qxf2 46.
Qxh4+ Kg7 47. Qxb4 Qxh2 48. Qc3+ Kh7 49. a4 Qh1 50. a5 Qb1+ 51. Ka4 Qa2+ 52. Kb5
Qd5+ 53. Qc5 Qb7+ 54. Qb6 Qd5+ 55. Qc5 Qb3+ 56. Kc6 Qf3+ 57. Kc7 Qxg3+ 58. Kb6
Qb8+ 59. Kc6 Qc8+ 60. Kb5 Qb7+ 61. Qb6 Qd5+ 62. Qc5 Qb7+ 63. Ka4 g5 64. Qb5 Qe4+
65. Qb4 Qc6+ 66. Qb5 Qc2+ 67. Qb3 Qc6+ 68. Qb5 Qe4+ 69. Qb4 Qxb4+ 70. Kxb4 g4
71. a6 g3 72. a7 g2 73. a8=Q g1=Q 74. Qe4+ Kg7 75. Qe5+ Kg8 76. Qb8+ Kh7 77. Qe5
Qb6+ 78. Kc4 Qc6+ 79. Kd4 Qd5+ 80. Qxd5 exd5 81. Kxd5 Kg6 82. Ke4 Kg5 83. Ke3
Kf5 84. Kf3 f6 0-1